000 00704nam a2200289Ia 4500
005 20260324150502.0
008 008 260324s9999 xx 000 0 eng d
020 _a9781032639598
037 _aEBOOK
040 _aCRL
040 _beng
040 _cCRL
041 _2eng
041 _aeng
084 _qCRL
100 _aJ. R. Western
_91226580
245 4 _aThe English Militia in the Eighteenth Century
245 4 _bThe Story of a Political Issue 1660-1802
260 _bTaylor and Francis
260 _c1965
365 _a
365 _b230
856 _uhttp://www.taylorfrancis.com/books/9781032639598
942 _cEBOOK
999 _c1836102
_d1836102